Countries by Flag #2 - Statistics

General Stats
  • This quiz has been taken 19 times
  • The average score is 12 of 16
Answer Stats
Picture Answer % Correct
Australia
94%
South Africa
94%
Vatican City
94%
Cyprus
89%
North Korea
89%
Georgia
83%
Lebanon
83%
Qatar
83%
Azerbaijan
72%
Eswatini
72%
Somalia
72%
Tajikistan
67%
Mali
61%
Mozambique
61%
Eritrea
44%
Maldives
44%
No matching quizzes found
Score Distribution
Percent of People with Each Score
Percentile by Number Answered
Your Score History
You have not taken this quiz